Central Library OPAC University of Rajshahi

An error of judgement / (Record no. 20653)

MARC details
000 -LEADER
fixed length control field 00647cam a2200229u 4500
001 - CONTROL NUMBER
control field 20653
003 - CONTROL NUMBER IDENTIFIER
rucl marc code BD-RjUL
005 - DATE AND TIME OF LATEST TRANSACTION
control field 20211209000607.0
008 - FIXED-LENGTH DATA ELEMENTS--GENERAL INFORMATION
fixed length control field 140301s1962 enk 000 0 eng d
035 ## - SYSTEM CONTROL NUMBER
System control number (BD-RjUL)20715
040 ## - CATALOGING SOURCE
Original cataloging agency DLC
Transcribing agency CarP
Modifying agency DLC
-- BD-RjUL
Language of cataloging eng
041 ## - LANGUAGE CODE
Language code of text/sound track or separate title eng
082 00 - DEWEY DECIMAL CLASSIFICATION NUMBER
Classification number 823
Author mark and year JOE 1962
100 1# - MAIN ENTRY--PERSONAL NAME
Personal name Johnson, Pamela Hansford,
Dates associated with a name 1912-
9 (RLIN) 63728
245 13 - TITLE STATEMENT
Title An error of judgement /
Statement of responsibility, etc. Johnson, Pamela Hansford,
260 ## - PUBLICATION, DISTRIBUTION, ETC. (IMPRINT)
Place of publication, distribution, etc. London :
Name of publisher, distributor, etc. Macmillan,
Date of publication, distribution, etc. 1962.
300 ## - PHYSICAL DESCRIPTION
Pagination 251 p. ;
Size 21 cm.
650 #0 - SUBJECT ADDED ENTRY--TOPICAL TERM
Topical term or geographic name as entry element An error of judgement /
9 (RLIN) 63729
942 ## - ADDED ENTRY ELEMENTS (KOHA)
Source of classification or shelving scheme Dewey Decimal Classification
Koha item type Books
Holdings
Lost status Source of classification or shelving scheme Damaged status Not for loan Collection code Permanent Location Current Location Shelving location Date acquired Source of acquisition Cost, normal purchase price Total Checkouts Full call number Date last seen Copy number Koha item type
  Dewey Decimal Classification   Added to bundle Fiction Central Library, University of Rajshahi Central Library, University of Rajshahi Reading Room 31/10/1968 Zeithlinger. 21.00   823 JOE 1962 01/03/2014 C-1 Books